MARC

LEADER 00000nam0a2200000 4500
001 35655
005 20231030234423.0
010 |a 5020139580 
035 |a (RuTPU)RU\TPU\book\36092 
035 |a BOOK00002744 
090 |a 35655 
100 |a 20011210d1990 m y0rusy50 ca 
101 0 |a rus 
102 |a RU 
105 |a a z 000zy 
200 1 |a Начала информатики  |f С. А. Абрамов, Е. В. Зима 
210 |a Москва  |c Наука  |d 1990 
215 |a 256 с. 
225 1 |a Библиотечка программиста 
451 1 |0 (RuTPU)RU\TPU\book\36091  |y 5-02-013958-0  |t Начала информатики  |f С. А. Абрамов, Е. В. Зима  |c М.  |n Наука  |d 1989  |p 256 с.  |s Библиотечка программиста  |a Абрамов, Сергей Александрович 
610 1 |a информатика 
610 1 |a программирование 
610 1 |a языки 
610 1 |a примеры 
610 1 |a задачи 
675 |a 681.3.01  |v 3 
700 1 |a Абрамов  |g Сергей Александрович 
701 1 |a Зима  |g Евгений Викторович 
801 0 |a RU  |b 63413507  |c 20011210  |g PSBO 
801 2 |a RU  |b 63413507  |c 20201210  |g PSBO 
900 |a Информатика 
942 |c BK